The happionaire's way to create wealth in a crash , slowdown or recession/ (Record no. 163978)

MARC details
000 -LEADER
fixed length control field 00584nam a2200181 4500
005 - DATE AND TIME OF LATEST TRANSACTION
control field 20190508154410.0
010 ## - LCCN (DPL NO)
LC control number ENG-125136
020 ## - INTERNATIONAL STANDARD BOOK NUMBER
International Standard Book Number 9789380200767
Terms of availability 399.00
035 ## - SYSTEM CONTROL NUMBER
System control number EN-108668
037 ## - SOURCE OF ACQUISITION
Source of stock number/acquisition DBAD/PUB
082 ## - DEWEY DECIMAL CLASSIFICATION NUMBER
Classification number 332.024
100 ## - MAIN ENTRY--PERSONAL NAME
Personal name Chabria, Yogesh
245 ## - TITLE STATEMENT
Title The happionaire's way to create wealth in a crash , slowdown or recession/
Statement of responsibility, etc by Yogesh Chabria
260 ## - PUBLICATION, DISTRIBUTION, ETC. (IMPRINT)
Place of publication, distribution, etc New Delhi
Name of publisher, distributor, etc Network 18 Publication
270 ## - ADDRESS
Address 507, Prabhat Kiran, 17, Rajendra Place
City New Delhi
Postal code 110008
300 ## - PHYSICAL DESCRIPTION
Extent 275p.
Dimensions 21cm(Hb)
942 ## - ADDED ENTRY ELEMENTS (KOHA)
Source of classification or shelving scheme Dewey Decimal Classification
Item type English Books
Classification part 332.024
Call number suffix CHA
Holdings
Withdrawn status Lost status Not for loan Collection code Home library Current library Date acquired Source of acquisition Cost, normal purchase price Full call number Barcode Copy number Cost, replacement price Koha item type
      Non-fiction Sarojini Nagar Sarojini Nagar 08/05/2019 DBAD/PUB 399.00 332.024 CHA EN-108668 1 399.00 English Books

© Delhi Public Library
Hit Counter
free hit counter